Types of Cuisine - Statistics

General Stats
  • This quiz has been taken 141 times
  • The average score is 7 of 9
Answer Stats
Picture Answer % Correct
French
98%
Italian
98%
Mexican
98%
Japanese
97%
American
95%
Chinese
94%
German
89%
Thai
64%
Ramen
13%
No matching quizzes found
Score Distribution
Percent of People with Each Score
Percentile by Number Answered
Your Score History
You have not taken this quiz